Régimen de concursos y quiebras (Registro nro. 750)
[ vista simple ]
| 000 -LEADER | |
|---|---|
| fixed length control field | 00755 a2200241 4500 |
| 001 - CONTROL NUMBER | |
| control field | 20913 |
| 005 - DATE AND TIME OF LATEST TRANSACTION | |
| control field | 20260407155500.0 |
| 008 - FIXED-LENGTH DATA ELEMENTS--GENERAL INFORMATION | |
| fixed length control field | 260407a2013 arg spa d |
| 003 - CONTROL NUMBER IDENTIFIER | |
| control field | AR-UNSa-BCEJYS |
| 040 ## - CATALOGING SOURCE | |
| Original cataloging agency | AR-UNSa-BCEJYS |
| Language of cataloging | spa |
| Transcribing agency | AR-UNSa-BCEJYS |
| 080 ## - UNIVERSAL DECIMAL CLASSIFICATION NUMBER | |
| Universal Decimal Classification number | 347.736 |
| Common auxiliary subdivision | Quiebra. Insolvencia. Suspensión de pagos. Bancarrota, procedimientos. Derecho Concursal |
| 020 ## - INTERNATIONAL STANDARD BOOK NUMBER | |
| International Standard Book Number | 978-950-508-968-0 |
| 100 1# - MAIN ENTRY--PERSONAL NAME | |
| Personal name | Argentina [Leyes, etc.] |
| 245 10 - TITLE STATEMENT | |
| Title | Régimen de concursos y quiebras |
| Name of part/section of a work | Ley 24.522 |
| 250 ## - EDITION STATEMENT | |
| Edition statement | 16a. ed. act. y ampl. |
| 264 #1 - PRODUCTION, PUBLICATION, DISTRIBUTION, MANUFACTURE, AND COPYRIGHT NOTICE | |
| Place of production, publication, distribution, manufacture | Buenos Aires : |
| Name of producer, publisher, distributor, manufacturer | Astrea |
| Date of production, publication, distribution, manufacture, or copyright notice | 2013 |
| 300 ## - PHYSICAL DESCRIPTION | |
| Extent | 540 p. |
| Dimensions | 20 cm. |
| 590 ## - LOCAL NOTE (RLIN) | |
| Local note | niveau_biblio:m niveau_hierar:0 |
| 650 ## - SUBJECT ADDED ENTRY--TOPICAL TERM | |
| Topical term or geographic name entry element | Ley 24.522 |
| 650 ## - SUBJECT ADDED ENTRY--TOPICAL TERM | |
| Topical term or geographic name entry element | ley 24 522 |
| 700 1# - ADDED ENTRY--PERSONAL NAME | |
| Personal name | Rouillon, Adolfo A.N. |
| 942 ## - ADDED ENTRY ELEMENTS (KOHA) | |
| Koha item type | |
| Withdrawn status | Lost status | Damaged status | Not for loan | Home library | Current library | Shelving location | Date acquired | Total checkouts | Full call number | Barcode | Date last seen | Price effective from | Koha item type | Public note |
|---|---|---|---|---|---|---|---|---|---|---|---|---|---|---|
| Biblioteca Prof. Eusebio Cleto del Rey | Biblioteca Prof. Eusebio Cleto del Rey | 07/04/2026 | 347.736 A688 16ed. | L119155 | 07/04/2026 | 07/04/2026 | Libro | CANTO SUCIO | ||||||
| Biblioteca Prof. Eusebio Cleto del Rey | Biblioteca Prof. Eusebio Cleto del Rey | 07/04/2026 | 347.736 A688 16ed. | L119160 | 07/04/2026 | 07/04/2026 | Libro | CANTO SUCIO | ||||||
| Biblioteca Prof. Eusebio Cleto del Rey | Biblioteca Prof. Eusebio Cleto del Rey | 07/04/2026 | 347.736 A688 16ed. | L119163 | 07/04/2026 | 07/04/2026 | Libro | PAG. 15 MANCHADA | ||||||
| Biblioteca Prof. Eusebio Cleto del Rey | Biblioteca Prof. Eusebio Cleto del Rey | 07/04/2026 | 347.736 A688 16ed. | L119162 | 07/04/2026 | 07/04/2026 | Libro | CANTO SUCIO | ||||||
| Biblioteca Prof. Eusebio Cleto del Rey | Biblioteca Prof. Eusebio Cleto del Rey | 07/04/2026 | 347.736 A688 16ed. | L119156 | 07/04/2026 | 07/04/2026 | Libro | CANTO SUPERIOR Y HOJAS MANCHADAS - | ||||||
| Biblioteca Prof. Eusebio Cleto del Rey | Biblioteca Prof. Eusebio Cleto del Rey | 07/04/2026 | 347.736 A688 16ed. | L119161 | 07/04/2026 | 07/04/2026 | Libro | HOJAS HÚMEDAS - ESCRITO C/ LÁPIZ - MANCHAS PÁG. 15 - CANTO SUCIO | ||||||
| Biblioteca Prof. Eusebio Cleto del Rey | Biblioteca Prof. Eusebio Cleto del Rey | 07/04/2026 | 347.736 A688 16ed. | L119159 | 07/04/2026 | 07/04/2026 | Libro | MANCHAS - UN POCO HÚMEDO - CANTO SUCIO | ||||||
| Biblioteca Prof. Eusebio Cleto del Rey | Biblioteca Prof. Eusebio Cleto del Rey | 07/04/2026 | 347.736 A688 16ed. | L119157 | 07/04/2026 | 07/04/2026 | Libro | HOJAS ARRUGADAS Y MANCHADAS | ||||||
| Biblioteca Prof. Eusebio Cleto del Rey | Biblioteca Prof. Eusebio Cleto del Rey | 07/04/2026 | 347.736 A688 16ed. | L119158 | 07/04/2026 | 07/04/2026 | Libro | CANTO SUCIO | ||||||
| Biblioteca Prof. Eusebio Cleto del Rey | Biblioteca Prof. Eusebio Cleto del Rey | 07/04/2026 | 347.736 A688 16ed. | L119164 | 07/04/2026 | 07/04/2026 | Libro | HOJAS MANCHADAS | ||||||
| Biblioteca Prof. Eusebio Cleto del Rey | Biblioteca Prof. Eusebio Cleto del Rey | 07/04/2026 | 347.736 A688 16ed. | L125233 | 07/04/2026 | 07/04/2026 | Libro | CANTO SUCIO | ||||||
| Biblioteca Prof. Eusebio Cleto del Rey | Biblioteca Prof. Eusebio Cleto del Rey | 07/04/2026 | 347.736 A688 16ed. | L125235 | 07/04/2026 | 07/04/2026 | Libro | LÁPIZ - CANTO SUCIO | ||||||
| Biblioteca Prof. Eusebio Cleto del Rey | Biblioteca Prof. Eusebio Cleto del Rey | 07/04/2026 | 347.736 A688 16ed. | L125234 | 07/04/2026 | 07/04/2026 | Libro | CANTO MANCHADO |